|
|
|
|
| LEADER |
00000nam a2200000 a 4500 |
| 001 |
vtls008827389 |
| 003 |
SK-MaSNL |
| 005 |
20260224135341.0 |
| 008 |
060629s1822 xo 000 0 lat |
| 040 |
|
|
|a SNK
|b slo
|c SNK
|e AACR2
|
| 041 |
0 |
|
|a lat
|
| 044 |
|
|
|a xo
|c SK
|
| 245 |
0 |
0 |
|a Plausus excellentissimo ac illustrissimo Domino Leopoldo e comitibus Pálffy ...
|
| 260 |
|
|
|a Posonii
|b Typis Heredum Belnayanorum
|c 1822
|
| 300 |
|
|
|a 8 s.
|
| 958 |
|
|
|a ONDV
|
| 999 |
|
|
|c 1031001
|d 1032931
|
| 952 |
|
|
|a SNK
|b SNK
|y VYP
|7 0
|p 17A0515420
|o snkSC 10036 D1
|i snkK 3689/66
|8 3
|3 rekatalogizácia
|0 0
|1 0
|4 0
|d 2006-06-29
|l 0
|r 2026-02-24 13:53:41
|w 2026-02-24
|
| 952 |
|
|
|a SNK
|b SNK
|y PREZ
|7 0
|p 17A0805618
|o snkSC 10036
|i snkKSF 2973/57
|8 5
|0 0
|1 0
|4 0
|d 2012-08-22
|l 0
|r 2025-07-09 00:00:00
|w 2026-02-24
|